000 00573nam a22001935i 4500
001 53474
003 ES-MaACL
007 t|
008 950929s1878 gw ||||1| eng d
040 _aCAM
_bspa
_cCAM
100 1 _aEliot, George.
_946995
245 1 4 _aThe lifted veil and brother Jacob /
_cby George Eliot...
260 _aLeipzig :
_bBernhard Tauchnitz,
_c1878.
300 _a240 p. ;
_c15 cm.
490 1 _aCollection of British authors ;
_v1732
830 0 _aCollection of British authors ;
_v1732
_9180703
852 _aES-MaACL
_jG-13121
999 _c53474
_d53474